[Event "27th Klatovy B 2019"]
[Site "Klatovy CZE"]
[Date "2019.07.07"]
[Round "9.6"]
[White "Sedlak, Jakub"]
[Black "Jirasek, Jiri"]
[Result "0-1"]
[WhiteElo "1737"]
[BlackElo "1908"]
[PlyCount "108"]
[EventDate "2019.06.29"]
[EventType "swiss"]
[EventRounds "9"]
[EventCountry "CZE"]

1. d4 Nf6 2. Bf4 d5 3. e3 e6 4. c3 Bd6 5. Bg3 Nc6 6. Nf3 Bd7 7. Bd3 Ne4 8. Nbd2 f5 9. Bxe4 fxe4 10. Ne5 Bxe5 11. dxe5 Qg5 12. f4 exf3 13. Nxf3 Qxe3+ 14. Qe2 Qxe2+ 15. Kxe2 O-O 16. Rhf1 Ne7 17. Nd4 Rxf1 18. Kxf1 c5 19. Nb3 b6 20. Kg1 Rf8 21. Rf1 Rxf1+ 22. Kxf1 Kf7 23. Nd2 g5 24. h3 Kg6 25. Bh2 g4 26. hxg4 Kg5 27. b4 cxb4 28. cxb4 Kxg4 29. Kf2 Kf5 30. a3 h5 31. Ke3 a5 32. Nf3 axb4 33. Nd4+ Kg4 34. axb4 Nf5+ 35. Nxf5 exf5 36. Kd4 Be6 37. Kd3 f4 38. Ke2 h4 39. Bg1 b5 40. Bf2 Kf5 41. Bxh4 Kxe5 42. Kf3 d4 43. g3 Bd5+ 44. Kf2 f3 45. Bg5 Be4 46. Bf4+ Kd5 47. g4 Kc4 48. Be5 d3 49. Ke3 Kb3 50. Bg3 Kxb4 51. Be1+ Kc4 52. g5 Bg6 53. Kxf3 b4 54. Bg3 Kc3 0-1

[Event "27th Klatovy B 2019"]
[Site "Klatovy CZE"]
[Date "2019.07.07"]
[Round "9.7"]
[White "Kalab, Jaromir"]
[Black "Vachal, Josef1"]
[Result "1/2-1/2"]
[WhiteElo "1577"]
[BlackElo "1827"]
[PlyCount "33"]
[EventDate "2019.06.29"]
[EventType "swiss"]
[EventRounds "9"]
[EventCountry "CZE"]

1. e4 e6 2. d4 d5 3. exd5 exd5 4. Bd3 Bd6 5. Nf3 Ne7 6. Bg5 f6 7. Bh4 O-O 8. Nbd2 Bf5 9. Nf1 Re8 10. Ne3 c6 11. c3 Nd7 12. O-O Bxd3 13. Qxd3 Nf8 14. Rae1 Qd7 15. h3 Nfg6 16. Bg3 Nf4 17. Qd1 1/2-1/2

[Event "27th Klatovy B 2019"]
[Site "Klatovy CZE"]
[Date "2019.07.07"]
[Round "9.8"]
[White "Simacek, Vaclav"]
[Black "Vaclavik, Jan"]
[Result "1-0"]
[WhiteElo "1809"]
[BlackElo "1733"]
[PlyCount "99"]
[EventDate "2019.06.29"]
[EventType "swiss"]
[EventRounds "9"]
[EventCountry "CZE"]

1. e4 c5 2. Nf3 Nc6 3. d4 cxd4 4. Nxd4 g6 5. Nc3 Bg7 6. Be3 Nf6 7. f3 O-O 8. Qd2 d5 9. e5 Nxe5 10. Ncb5 a6 11. Na3 Nc6 12. c3 e5 13. Nxc6 bxc6 14. Be2 Qc7 15. O-O Bb7 16. Nc2 Rad8 17. Kh1 c5 18. Bg5 Rfe8 19. Rae1 Rd7 20. Ne3 h6 21. Bxf6 Bxf6 22. Ng4 Bg5 23. Nxh6+ Kg7 24. Qxg5 f6 25. Qc1 Rh8 26. Ng4 f5 27. Nf2 e4 28. f4 Kf6 29. Nh3 Rdh7 30. Qe3 Rh4 31. Qg3 d4 32. cxd4 cxd4 33. Rc1 Qb6 34. Qg5+ Kf7 35. Bc4+ Ke8 36. Be2 d3 37. Bd1 Rxh3 38. gxh3 d2 39. Ba4+ Kf8 40. Rc6 e3 41. Qf6+ Ke8 42. Qxh8+ Kd7 43. Qg7+ Kd8 44. Qf8+ Kd7 45. Qd6+ Ke8 46. Qxg6+ Ke7 47. Qf6+ Ke8 48. Rg1 e2 49. Rg8+ Kd7 50. Qf7# 1-0

[Event "27th Klatovy B 2019"]
[Site "Klatovy CZE"]
[Date "2019.07.07"]
[Round "9.9"]
[White "Pecka, Jan"]
[Black "Flajsman, Petr"]
[Result "1/2-1/2"]
[WhiteElo "1537"]
[BlackElo "1799"]
[PlyCount "42"]
[EventDate "2019.06.29"]
[EventType "swiss"]
[EventRounds "9"]
[EventCountry "CZE"]

1. c4 Nf6 2. Nf3 e6 3. g3 d5 4. cxd5 exd5 5. Bg2 Be6 6. O-O c5 7. d4 c4 8. Nc3 Nc6 9. Bg5 Be7 10. b3 Qa5 11. Bd2 cxb3 12. axb3 Qb6 13. Na4 Qc7 14. Bf4 Bd6 15. Bxd6 Qxd6 16. Nc5 b6 17. Nxe6 fxe6 18. Qc2 O-O 19. Rac1 Rac8 20. Qb2 a5 21. Ne5 Rc7 1/2-1/2

[Event "27th Klatovy B 2019"]
[Site "Klatovy CZE"]
[Date "2019.07.07"]
[Round "9.10"]
[White "Vilimek, Vit"]
[Black "Rezac, Jindrich"]
[Result "0-1"]
[WhiteElo "1529"]
[BlackElo "1787"]
[PlyCount "132"]
[EventDate "2019.06.29"]
[EventType "swiss"]
[EventRounds "9"]
[EventCountry "CZE"]

1. e4 d5 2. exd5 Nf6 3. Nc3 Nxd5 4. Bc4 e6 5. Qf3 Nf6 6. d3 Nc6 7. Bd2 Nd4 8. Qd1 Be7 9. Nf3 c5 10. Bf4 a6 11. Nxd4 cxd4 12. Ne4 b5 13. Bb3 Bb7 14. Qf3 Nxe4 15. dxe4 Bb4+ 16. c3 dxc3 17. bxc3 Ba5 18. Rd1 Qf6 19. Rd3 O-O 20. O-O Rac8 21. Rc1 Rfd8 22. Rxd8+ Rxd8 23. Qg3 Qg6 24. Qxg6 hxg6 25. f3 Rc8 26. c4 bxc4 27. Bxc4 Kf8 28. Kf1 Ke7 29. Ke2 f6 30. Rb1 Bxe4 31. fxe4 Rxc4 32. Rb7+ Kf8 33. Ra7 Rc6 34. h4 e5 35. Be3 Bb4 36. a4 a5 37. Ra8+ Kf7 38. Ra7+ Kg8 39. Kd1 Rc4 40. Bb6 Rxe4 41. Bxa5 Bxa5 42. Rxa5 Rxh4 43. Ke2 Re4+ 44. Kf3 f5 45. Ra7 g5 46. a5 g4+ 47. Kf2 f4 48. a6 Ra4 49. Ra8+ Kf7 50. Ra7+ Kf6 51. Ra8 Ra2+ 52. Kf1 e4 53. a7 Kg5 54. Re8 Rxa7 55. Re5+ Kh4 56. Rxe4 Kg3 57. Re1 Ra2 58. Rb1 Rf2+ 59. Kg1 Rxg2+ 60. Kh1 Rh2+ 61. Kg1 f3 62. Rb3 Rc2 63. Rb1 Kh3 64. Rb8 g3 65. Rb1 f2+ 66. Kf1 g2# 0-1

[Event "27th Klatovy B 2019"]
[Site "Klatovy CZE"]
[Date "2019.07.07"]
[Round "9.11"]
[White "Day, Timothy"]
[Black "Stanik, Michal"]
[Result "0-1"]
[WhiteElo "1527"]
[BlackElo "1782"]
[PlyCount "66"]
[EventDate "2019.06.29"]
[EventType "swiss"]
[EventRounds "9"]
[EventCountry "CZE"]

1. e4 e6 2. d3 d5 3. Nd2 Nf6 4. g3 b6 5. Bg2 Bb7 6. e5 Nfd7 7. Ngf3 c5 8. O-O Nc6 9. Re1 Qc7 10. Qe2 O-O-O 11. c3 g5 12. Nxg5 Ndxe5 13. Ndf3 Nxf3+ 14. Nxf3 d4 15. Bf4 Bd6 16. Ne5 Bxe5 17. Bxe5 Nxe5 18. Bxb7+ Kxb7 19. Qxe5 Qxe5 20. Rxe5 dxc3 21. bxc3 Rxd3 22. Re3 Rhd8 23. Rae1 Kc6 24. a4 Rxe3 25. Rxe3 b5 26. axb5+ Kxb5 27. Kf1 a5 28. Ke2 a4 29. f4 Kc4 30. Re4+ Kb3 31. c4 a3 32. Re3+ Kb2 33. Kf2 Rd2+ 0-1

[Event "27th Klatovy B 2019"]
[Site "Klatovy CZE"]
[Date "2019.07.07"]
[Round "9.12"]
[White "Berka, Lubos"]
[Black "Zak, Jiri1"]
[Result "1-0"]
[WhiteElo "1733"]
[BlackElo "1717"]
[PlyCount "101"]
[EventDate "2019.06.29"]
[EventType "swiss"]
[EventRounds "9"]
[EventCountry "CZE"]

1. e4 c5 2. Nc3 Nc6 3. g3 g6 4. Bg2 Bg7 5. d3 Nf6 6. Nge2 O-O 7. O-O e5 8. f4 d6 9. h3 a6 10. g4 b5 11. g5 Ne8 12. f5 Nc7 13. f6 Bh8 14. Be3 Rb8 15. b3 Bd7 16. a4 Qc8 17. Kh2 b4 18. Nb1 Ne6 19. Nd2 Ned4 20. Nc4 Qc7 21. h4 a5 22. Bh3 Bxh3 23. Kxh3 Qd7+ 24. Kg3 Qe6 25. Bg1 h5 26. Nxd4 cxd4 27. Qf3 Rfc8 28. Rf2 Rc7 29. Rc1 Qd7 30. Bh2 Ra7 31. Kg2 Rab7 32. Nd2 Rc8 33. Nf1 Nd8 34. Ng3 Ne6 35. Nxh5 gxh5 36. Qxh5 Nf8 37. Qf3 Ng6 38. Bg3 Rc3 39. h5 Nf8 40. Kh2 Rbc7 41. Qd1 Qc8 42. Bh4 Rxb3 43. Rg2 Rb2 44. g6 fxg6 45. hxg6 b3 46. f7+ Kg7 47. Qf3 Qe6 48. Rf1 Rbxc2 49. Bf6+ Kh6 50. g7 Nh7 51. g8=N# 1-0

[Event "27th Klatovy B 2019"]
[Site "Klatovy CZE"]
[Date "2019.07.07"]
[Round "9.13"]
[White "Stastny, Simon"]
[Black "Kaspar, Lukas"]
[Result "0-1"]
[WhiteElo "1474"]
[BlackElo "1886"]
[PlyCount "30"]
[EventDate "2019.06.29"]
[EventType "swiss"]
[EventRounds "9"]
[EventCountry "CZE"]

1. e4 e6 2. d4 b6 3. c4 Bb7 4. Nc3 Bb4 5. Bd3 f5 6. d5 Nf6 7. Nf3 fxe4 8. Be2 exf3 9. Bxf3 exd5 10. cxd5 Qe7+ 11. Be3 Qe5 12. O-O Bxc3 13. bxc3 O-O 14. c4 d6 15. Re1 Qf5 0-1

[Event "27th Klatovy B 2019"]
[Site "Klatovy CZE"]
[Date "2019.07.07"]
[Round "9.14"]
[White "Danek, Vaclav"]
[Black "Barta, David"]
[Result "1-0"]
[WhiteElo "1849"]
[BlackElo "1411"]
[PlyCount "171"]
[EventDate "2019.06.29"]
[EventType "swiss"]
[EventRounds "9"]
[EventCountry "CZE"]

1. e4 e6 2. d3 d5 3. Nd2 Nf6 4. Ngf3 c5 5. g3 Nc6 6. Bg2 Be7 7. O-O O-O 8. e5 Nd7 9. Re1 Qc7 10. Qe2 b5 11. Nf1 Nd4 12. Nxd4 cxd4 13. h4 a5 14. Bg5 Bxg5 15. hxg5 Ra6 16. Rac1 Rc6 17. f4 Ba6 18. Qf2 Rc8 19. Re2 b4 20. Qxd4 Nc5 21. Rd1 Ne4 22. Ree1 Nc5 23. Rd2 Qb6 24. Bf3 Na4 25. Qxb6 Nxb6 26. Ree2 Na4 27. b3 Nc3 28. Rh2 Nxa2 29. Ne3 Nc3 30. Rh4 h6 31. gxh6 g6 32. g4 Kh7 33. g5 Nb1 34. Rd1 Na3 35. Rd2 Nxc2 36. Kf2 Nd4 37. Bd1 Rc3 38. f5 Nxf5 39. Nxf5 exf5 40. Rd4 Bb7 41. Ke3 Ra8 42. Rf4 Re8 43. Kd4 Re7 44. Rff2 Ba6 45. Rf3 Bb7 46. Re3 Re6 47. Re1 Rc8 48. Ra2 Ra8 49. Bf3 Re7 50. Rc1 Rae8 51. Rxa5 Rxe5 52. Rc7 R5e7 53. Rxe7 Rxe7 54. Rb5 Ba6 55. Rxb4 f4 56. Bxd5 Rd7 57. Ke5 Bxd3 58. Rb7 Rxb7 59. Bxb7 Bc2 60. b4 Ba4 61. Bd5 Bb5 62. Bxf7 f3 63. Bd5 f2 64. Bg2 Ba6 65. Kd6 Kh8 66. Kc6 f1=Q 67. Bxf1 Bxf1 68. b5 Bg2+ 69. Kc7 Kh7 70. b6 Kg8 71. b7 Bxb7 72. Kxb7 Kf7 73. Kc7 Kg8 74. Kd8 Kf8 75. Kd7 Kf7 76. Kd6 Kf8 77. Ke6 Kg8 78. Kf6 Kh7 79. Kf7 Kh8 80. Kxg6 Kg8 81. Kf6 Kh8 82. Kf7 Kh7 83. g6+ Kh8 84. g7+ Kh7 85. g8=Q+ Kxh6 86. Qg6# 1-0

[Event "27th Klatovy B 2019"]
[Site "Klatovy CZE"]
[Date "2019.07.07"]
[Round "9.15"]
[White "Durchan, Milan 1961"]
[Black "Valdman, Jakub"]
[Result "1-0"]
[WhiteElo "1713"]
[BlackElo "1191"]
[PlyCount "73"]
[EventDate "2019.06.29"]
[EventType "swiss"]
[EventRounds "9"]
[EventCountry "CZE"]

1. e4 e5 2. Nf3 Nc6 3. Bb5 d6 4. c3 Bg4 5. h3 Bh5 6. O-O Nf6 7. d3 Be7 8. Nbd2 O-O 9. Re1 a6 10. Ba4 b5 11. Bb3 d5 12. Qe2 d4 13. c4 Na5 14. cxb5 axb5 15. a3 Bxf3 16. Qxf3 Nxb3 17. Nxb3 b4 18. a4 Qd7 19. a5 Qb5 20. Bg5 Ra6 21. Rec1 Rc8 22. Rc4 h6 23. Bd2 Nd7 24. Rac1 Rf6 25. Qd1 c6 26. Qe1 Rb8 27. f4 c5 28. f5 Rc8 29. Bxb4 Rb8 30. Nxc5 Nxc5 31. Bxc5 Bxc5 32. Rxc5 Qxd3 33. Rxe5 Rxb2 34. Re8+ Kh7 35. Rcc8 Rxf5 36. exf5 Qxf5 37. Qe4 1-0

[Event "27th Klatovy B 2019"]
[Site "Klatovy CZE"]
[Date "2019.07.07"]
[Round "9.16"]
[White "Kovar, Vaclav 1953"]
[Black "Pozar, Pavel"]
[Result "1-0"]
[WhiteElo "1646"]
[BlackElo "1329"]
[PlyCount "63"]
[EventDate "2019.06.29"]
[EventType "swiss"]
[EventRounds "9"]
[EventCountry "CZE"]

1. d4 d5 2. c4 e6 3. Nc3 Nf6 4. Nf3 Bb4 5. Bg5 h6 6. Bf4 Ne4 7. Qc2 Nxc3 8. bxc3 Ba5 9. Ne5 Qf6 10. Bd2 Nd7 11. e3 Nxe5 12. dxe5 Qd8 13. Qa4+ c6 14. Bd3 a6 15. O-O Bd7 16. Qc2 Bc7 17. f4 g5 18. cxd5 cxd5 19. c4 dxc4 20. Bxc4 Bb6 21. Kh1 Rc8 22. Qb3 Rxc4 23. Qxc4 Bb5 24. Qc2 Bxf1 25. Rxf1 Kf8 26. f5 Qd5 27. Bc3 Bxe3 28. Rd1 Qxd1+ 29. Qxd1 exf5 30. Qd8+ Kg7 31. e6+ f6 32. Qxf6+ 1-0

[Event "27th Klatovy B 2019"]
[Site "Klatovy CZE"]
[Date "2019.07.07"]
[Round "9.17"]
[White "Langmajer, Jan"]
[Black "Skuthan, Radek"]
[Result "0-1"]
[WhiteElo "1514"]
[BlackElo "1702"]
[PlyCount "100"]
[EventDate "2019.06.29"]
[EventType "swiss"]
[EventRounds "9"]
[EventCountry "CZE"]

1. e4 c5 2. Nf3 Nc6 3. d4 cxd4 4. Nxd4 e6 5. Nc3 Qc7 6. Ndb5 Qb8 7. Be3 a6 8. Nd4 Nf6 9. Be2 Bb4 10. Nxc6 dxc6 11. Bb6 O-O 12. Qd4 Bd6 13. O-O-O Be5 14. Qd8 Bxc3 15. Bc7 Ba5 16. Bxa5 Qf4+ 17. Kb1 Qxe4 18. Bf3 Qf5 19. Bc3 Nd5 20. Qa5 b6 21. Qa3 Ra7 22. Bxd5 cxd5 23. Bd4 Rc7 24. Rd3 b5 25. Qd6 Rd7 26. Qg3 Qg6 27. Qh3 Rc7 28. Bxg7 e5 29. Qh4 Rc4 30. Qf6 Qxg7 31. Rg3 Rg4 32. Rxg4 Qxg4 33. Qxe5 Qf5 34. Qg3+ Qg6 35. Qf3 Bf5 36. Qxd5 Rc8 37. Re1 Bxc2+ 38. Ka1 Be4 39. Qd7 Qc6 40. Qg4+ Bg6 41. a3 a5 42. Qg5 b4 43. Qxa5 bxa3 44. bxa3 Ra8 45. Qb4 Qf6+ 46. Ka2 Qxf2+ 47. Ka1 Rxa3+ 48. Qxa3 Qxe1+ 49. Kb2 Qb1+ 50. Kc3 Qd3+ 0-1

[Event "27th Klatovy B 2019"]
[Site "Klatovy CZE"]
[Date "2019.07.07"]
[Round "9.18"]
[White "Skutil, Frantisek Elias"]
[Black "Kotal, Vit"]
[Result "0-1"]
[WhiteElo "1106"]
[BlackElo "1556"]
[PlyCount "80"]
[EventDate "2019.06.29"]
[EventType "swiss"]
[EventRounds "9"]
[EventCountry "CZE"]

1. d4 Nf6 2. Nc3 g6 3. Bf4 Bg7 4. e3 d6 5. Bd3 O-O 6. Nge2 Na6 7. f3 c5 8. d5 Nc7 9. e4 a6 10. a4 Bd7 11. O-O b5 12. b3 Nh5 13. Be3 Rb8 14. Rb1 Bc8 15. g4 Nf6 16. Qe1 Nd7 17. Kh1 b4 18. Na2 Ne5 19. Rd1 a5 20. Nac1 Bb7 21. Nf4 e6 22. dxe6 fxe6 23. Be2 Qe7 24. Qd2 Rbd8 25. Ncd3 Nc6 26. Qe1 Nd4 27. Rd2 Ba6 28. Qf2 Bf6 29. Qg2 Bg5 30. Bxd4 cxd4 31. Rfd1 Bxf4 32. Nxf4 Rxf4 33. Bxa6 Nxa6 34. Rxd4 Qf6 35. Rc4 Nc5 36. Qe2 Qe5 37. Qe3 Rdf8 38. Kg2 Qg5 39. h3 Rxg4+ 40. Kf2 Rg2+ 0-1

[Event "27th Klatovy B 2019"]
[Site "Klatovy CZE"]
[Date "2019.07.07"]
[Round "9.19"]
[White "Soucek, Jan"]
[Black "Zelba, Lukas"]
[Result "1/2-1/2"]
[WhiteElo "1543"]
[BlackElo "1274"]
[PlyCount "36"]
[EventDate "2019.06.29"]
[EventType "swiss"]
[EventRounds "9"]
[EventCountry "CZE"]

1. d4 Nf6 2. Bg5 Ne4 3. Bf4 d5 4. f3 Nf6 5. c4 e6 6. Nc3 Nc6 7. Bg3 dxc4 8. Bf2 Bb4 9. e4 b5 10. a4 Ba6 11. Nh3 Qe7 12. Be2 Bxc3+ 13. bxc3 b4 14. O-O b3 15. a5 O-O 16. Bh4 e5 17. d5 Nd8 18. Nf2 Qd6 1/2-1/2

[Event "27th Klatovy B 2019"]
[Site "Klatovy CZE"]
[Date "2019.07.07"]
[Round "9.20"]
[White "Roskovec, Bedrich"]
[Black "Perik, Alois"]
[Result "1/2-1/2"]
[WhiteElo "1597"]
[BlackElo "1809"]
[PlyCount "65"]
[EventDate "2019.06.29"]
[EventType "swiss"]
[EventRounds "9"]
[EventCountry "CZE"]

1. e4 c6 2. d4 d5 3. e5 Bf5 4. Bd3 Bxd3 5. Qxd3 e6 6. Nf3 Nd7 7. O-O c5 8. c3 Ne7 9. dxc5 Nxc5 10. Qb5+ Nc6 11. Be3 a6 12. Qe2 Be7 13. Nbd2 Qc7 14. Bxc5 Bxc5 15. Nb3 Ba7 16. Nbd4 O-O 17. Nxc6 Qxc6 18. Nd4 Bxd4 19. cxd4 Rac8 20. Qe3 Qd7 21. Rfc1 Rxc1+ 22. Rxc1 Rc8 23. Rc3 h6 24. f4 Rc4 25. b3 Rc6 26. Qc1 Kf8 27. Rxc6 Qxc6 28. Qxc6 bxc6 29. b4 Ke7 30. Kf2 Kd7 31. Ke3 Kc7 32. Kd3 Kb6 33. a4 1/2-1/2

[Event "27th Klatovy B 2019"]
[Site "Klatovy CZE"]
[Date "2019.07.07"]
[Round "9.21"]
[White "Novotny, Jaromir"]
[Black "Kotesovec, Jaroslav"]
[Result "1/2-1/2"]
[WhiteElo "1796"]
[BlackElo "1560"]
[PlyCount "20"]
[EventDate "2019.06.29"]
[EventType "swiss"]
[EventRounds "9"]
[EventCountry "CZE"]

1. e4 c5 2. Nf3 Nc6 3. d4 cxd4 4. Nxd4 e5 5. Nb3 d6 6. Nc3 a6 7. Be2 Nge7 8. O-O Ng6 9. f4 f5 10. Bc4 b5 1/2-1/2

[Event "27th Klatovy B 2019"]
[Site "Klatovy CZE"]
[Date "2019.07.07"]
[Round "9.22"]
[White "Privoznik, Lubos"]
[Black "Dubnicka, Augustin 2000"]
[Result "0-1"]
[WhiteElo "1610"]
[BlackElo "1754"]
[PlyCount "80"]
[EventDate "2019.06.29"]
[EventType "swiss"]
[EventRounds "9"]
[EventCountry "CZE"]

1. e4 c5 2. Nc3 Nc6 3. Bb5 d6 4. f4 Bd7 5. Bxc6 Bxc6 6. d3 g6 7. Nf3 Bg7 8. O-O e6 9. Qe1 Ne7 10. Be3 b6 11. Rb1 d5 12. Bd2 O-O 13. Ng5 h6 14. Nf3 f5 15. e5 d4 16. Ne2 a5 17. Nh4 Kh7 18. Qg3 Rg8 19. Nf3 Rf8 20. Qh3 Kg8 21. Kf2 Kf7 22. Rg1 Qd5 23. Nh4 h5 24. Nf3 Qxa2 25. Ng5+ Ke8 26. c4 Bd7 27. Qf3 Rb8 28. h3 Qa4 29. g4 h4 30. gxf5 exf5 31. Ke1 Bc6 32. Qf2 Qc2 33. Rc1 Qxd3 34. Ne6 Rh8 35. Nxg7+ Kf7 36. Nxf5 Nxf5 37. Rg4 Qxh3 38. Rg5 Qh1+ 39. Ng1 Qe4+ 40. Ne2 d3 0-1

[Event "27th Klatovy B 2019"]
[Site "Klatovy CZE"]
[Date "2019.07.07"]
[Round "9.23"]
[White "Schille, Hannes"]
[Black "Vavrinkova, Anna"]
[Result "1/2-1/2"]
[WhiteElo "1740"]
[BlackElo "1550"]
[PlyCount "58"]
[EventDate "2019.06.29"]
[EventType "swiss"]
[EventRounds "9"]
[EventCountry "CZE"]

1. d4 d5 2. Bf4 Nf6 3. Nf3 e6 4. e3 Nbd7 5. c3 c5 6. Bd3 c4 7. Bc2 b5 8. Nbd2 b4 9. Ba4 Bb7 10. O-O Be7 11. Ne5 Rc8 12. Nxd7 Nxd7 13. Qg4 O-O 14. Bh6 Bf6 15. cxb4 Nb6 16. Bc2 Re8 17. Nf3 g6 18. Bg5 Bxg5 19. Nxg5 Kg7 20. h4 Nd7 21. Nf3 Nf6 22. Qh3 h5 23. Ne5 Qc7 24. f3 c3 25. b3 a5 26. b5 Nd7 27. Nxd7 Qxd7 28. a4 Qe7 29. f4 f5 1/2-1/2

[Event "27th Klatovy B 2019"]
[Site "Klatovy CZE"]
[Date "2019.07.07"]
[Round "9.24"]
[White "Beran, Jakub"]
[Black "Rychlik, Zdenek"]
[Result "1/2-1/2"]
[WhiteElo "1539"]
[BlackElo "1721"]
[PlyCount "76"]
[EventDate "2019.06.29"]
[EventType "swiss"]
[EventRounds "9"]
[EventCountry "CZE"]

1. c4 g6 2. Nc3 Bg7 3. d3 c5 4. g3 Nc6 5. Bg2 d6 6. Nf3 Nf6 7. O-O O-O 8. Bd2 Bd7 9. a3 a6 10. Rb1 Rb8 11. b4 Qc8 12. b5 axb5 13. Nxb5 Bh3 14. a4 Bxg2 15. Kxg2 Nd7 16. Qc2 Nde5 17. Nxe5 dxe5 18. Bc3 Nd4 19. Nxd4 exd4 20. Ba5 b6 21. Bd2 e5 22. a5 Qc6+ 23. f3 bxa5 24. Bxa5 Rfc8 25. Rxb8 Rxb8 26. Rb1 Rxb1 27. Qxb1 Bf8 28. Qb5 Qc8 29. Qb6 Kg7 30. Qc7 Qxc7 31. Bxc7 Kf6 32. f4 exf4 33. gxf4 Kf5 34. Kf3 h5 35. e3 dxe3 36. Kxe3 Bg7 37. Kf3 Bd4 38. h3 f6 1/2-1/2

[Event "27th Klatovy B 2019"]
[Site "Klatovy CZE"]
[Date "2019.07.07"]
[Round "9.25"]
[White "Cyron, Karel"]
[Black "Veverka, Vladimir"]
[Result "1-0"]
[WhiteElo "1720"]
[BlackElo "1439"]
[PlyCount "113"]
[EventDate "2019.06.29"]
[EventType "swiss"]
[EventRounds "9"]
[EventCountry "CZE"]

1. e4 Nf6 2. Nc3 d5 3. exd5 Nxd5 4. Nxd5 Qxd5 5. Qf3 Qxf3 6. Nxf3 Nc6 7. c3 a6 8. d4 e6 9. Bd3 Ne7 10. O-O Ng6 11. Ne5 Nxe5 12. dxe5 Bc5 13. Bf4 O-O 14. Rad1 Bb6 15. Be4 f6 16. Rd3 g5 17. Be3 Bxe3 18. fxe3 f5 19. Bf3 g4 20. Be2 b5 21. Rfd1 Rf7 22. Rd8+ Rf8 23. h3 h5 24. h4 Rxd8 25. Rxd8+ Kf7 26. Kf2 c5 27. Kg3 Kg6 28. c4 b4 29. Bd1 Bb7 30. Rd6 Re8 31. Ba4 Re7 32. Rd2 Kg7 33. Kf4 Kg6 34. g3 Bc8 35. Rd8 Bb7 36. Rd7 Rxd7 37. Bxd7 Be4 38. Bxe6 a5 39. Bd7 Bd3 40. a3 Bxc4 41. Bxf5+ Kh6 42. axb4 cxb4 43. Bd7 Kg6 44. Ke4 Kf7 45. Kd4 Be6 46. Ba4 Ke7 47. Kc5 Bc8 48. Bb3 Be6 49. Ba4 Bc8 50. e4 Bd7 51. Bb3 Be6 52. Bd5 Bd7 53. b3 Be8 54. Kc4 Bd7 55. Kc5 Be8 56. e6 Bg6 57. Kb5 1-0

[Event "27th Klatovy B 2019"]
[Site "Klatovy CZE"]
[Date "2019.07.07"]
[Round "9.26"]
[White "Novy, Jan"]
[Black "Sefrna, Frantisek"]
[Result "1/2-1/2"]
[WhiteElo "1473"]
[BlackElo "1700"]
[PlyCount "59"]
[EventDate "2019.06.29"]
[EventType "swiss"]
[EventRounds "9"]
[EventCountry "CZE"]

1. e4 e5 2. Nf3 Nc6 3. Bc4 Bc5 4. O-O Nf6 5. d3 d6 6. c3 Bg4 7. b4 Bb6 8. Bb2 Qd7 9. a4 a6 10. Nbd2 O-O 11. Qe1 Rae8 12. b5 Na5 13. Ba2 axb5 14. axb5 Qxb5 15. Qb1 Nh5 16. c4 Qd7 17. Kh1 Nf4 18. Ng1 Be2 19. Nxe2 Nxe2 20. Nf3 Nf4 21. g3 Qg4 22. Qd1 Nh3 23. d4 exd4 24. Nd2 Qxd1 25. Raxd1 Ng5 26. Bb1 f5 27. exf5 Nc6 28. h4 Nf7 29. f4 Re3 30. h5 1/2-1/2

[Event "27th Klatovy B 2019"]
[Site "Klatovy CZE"]
[Date "2019.07.07"]
[Round "9.27"]
[White "Sova, Zdenek"]
[Black "Krisman, Ondrej"]
[Result "0-1"]
[WhiteElo "1687"]
[BlackElo "1546"]
[PlyCount "112"]
[EventDate "2019.06.29"]
[EventType "swiss"]
[EventRounds "9"]
[EventCountry "CZE"]

1. Nf3 d5 2. d4 Nf6 3. c4 e6 4. Nc3 Be7 5. e3 O-O 6. Qc2 b6 7. cxd5 exd5 8. h3 c5 9. dxc5 bxc5 10. Be2 Nc6 11. a3 h6 12. O-O Be6 13. b3 Rb8 14. Rb1 Qc8 15. Nh2 Ne5 16. f4 Bf5 17. Qd1 Nc6 18. Bd3 c4 19. Bc2 d4 20. Bxf5 Qxf5 21. exd4 Nxd4 22. bxc4 Rxb1 23. Nxb1 Nc2 24. g4 Bc5+ 25. Kh1 Qe4+ 26. Qf3 Qxc4 27. Nd2 Qb5 28. Qb3 Qxb3 29. Nxb3 Bxa3 30. Bxa3 Nxa3 31. Ra1 Nb5 32. Nf3 Rc8 33. Nbd4 Nxd4 34. Nxd4 Ra8 35. Ra6 Nd5 36. f5 Nb4 37. Ra5 a6 38. Kg2 Rd8 39. Nb3 Rd3 40. Nc5 Rd5 41. Nb3 Rxa5 42. Nxa5 Kf8 43. Kf3 Ke7 44. Ke4 Kd6 45. Nb3 Nc6 46. h4 a5 47. g5 hxg5 48. hxg5 a4 49. Na1 Kc5 50. f6 gxf6 51. gxf6 Kc4 52. Ke3 Kc3 53. Ke4 Kb2 54. Kd5 Nb4+ 55. Kd6 Kxa1 56. Ke7 Nd5+ 0-1

[Event "27th Klatovy B 2019"]
[Site "Klatovy CZE"]
[Date "2019.07.07"]
[Round "9.28"]
[White "Vavrousek, Petr"]
[Black "Flajsman, Zdenek"]
[Result "0-1"]
[WhiteElo "1686"]
[BlackElo "1503"]
[PlyCount "68"]
[EventDate "2019.06.29"]
[EventType "swiss"]
[EventRounds "9"]
[EventCountry "CZE"]

1. e4 e5 2. Nf3 Nc6 3. Bb5 a6 4. Ba4 b5 5. Bb3 Nf6 6. O-O Bc5 7. Bd5 O-O 8. Bxc6 dxc6 9. Nxe5 Qd6 10. Nd3 Nxe4 11. Nxc5 Qxc5 12. d4 Qd6 13. Be3 Be6 14. Nd2 Nf6 15. h3 Nd5 16. Bg5 Qb4 17. Nb3 h6 18. Bh4 Qd6 19. Nc5 Qf4 20. Bg3 Qg5 21. Nxe6 fxe6 22. Qe2 Rae8 23. Rae1 Rf5 24. Qd3 Nf4 25. Qc3 c5 26. Bxf4 Qxf4 27. dxc5 b4 28. Qb3 a5 29. Rxe6 Rxe6 30. Qxe6+ Kh7 31. c6 Rc5 32. Qd7 Qe4 33. Qxc7 Qxc2 34. Qxa5 Rxa5 0-1

[Event "27th Klatovy B 2019"]
[Site "Klatovy CZE"]
[Date "2019.07.07"]
[Round "9.29"]
[White "Day, Tobias"]
[Black "Zemanova, Nikola"]
[Result "1-0"]
[WhiteElo "1680"]
[BlackElo "1403"]
[PlyCount "55"]
[EventDate "2019.06.29"]
[EventType "swiss"]
[EventRounds "9"]
[EventCountry "CZE"]

1. e4 e6 2. d4 d5 3. Nd2 Nf6 4. e5 Nfd7 5. f4 c5 6. Ne2 Nc6 7. Nf3 Be7 8. c3 O-O 9. Be3 c4 10. Ng3 b5 11. Be2 a5 12. O-O Nb6 13. Qc2 Bd7 14. f5 f6 15. fxe6 Bxe6 16. exf6 Bxf6 17. Rf2 Qe7 18. Raf1 Rae8 19. Nh5 Nd7 20. Nxf6+ Nxf6 21. Bg5 h6 22. Bh4 Bd7 23. Ne5 Nxe5 24. dxe5 Qxe5 25. Bxf6 gxf6 26. Qg6+ Kh8 27. Qxh6+ Kg8 28. Rf4 1-0

[Event "27th Klatovy B 2019"]
[Site "Klatovy CZE"]
[Date "2019.07.07"]
[Round "9.30"]
[White "Gacho, Ondrej"]
[Black "Benes, Jachym"]
[Result "0-1"]
[WhiteElo "1383"]
[BlackElo "1653"]
[PlyCount "56"]
[EventDate "2019.06.29"]
[EventType "swiss"]
[EventRounds "9"]
[EventCountry "CZE"]

1. e4 c5 2. Nf3 d6 3. d4 cxd4 4. Nxd4 Nf6 5. Nc3 g6 6. Be3 Bg7 7. Bc4 O-O 8. Qd2 Ng4 9. Bg5 h6 10. Bh4 Nc6 11. Nxc6 bxc6 12. f3 Ne5 13. Bb3 c5 14. Nd5 Re8 15. c4 a5 16. Ba4 Bd7 17. Bxd7 Nxd7 18. O-O Nb6 19. Nxb6 Qxb6 20. Rab1 Rab8 21. b3 a4 22. Qd3 Qa7 23. bxa4 g5 24. Be1 Rxb1 25. Qxb1 Qxa4 26. Kh1 Qxc4 27. Rf2 Bd4 28. Rc2 Qf1# 0-1

[Event "27th Klatovy B 2019"]
[Site "Klatovy CZE"]
[Date "2019.07.07"]
[Round "9.31"]
[White "Chmelik, Ladislav"]
[Black "Berkovec, Josef"]
[Result "1/2-1/2"]
[WhiteElo "1771"]
[BlackElo "1380"]
[PlyCount "77"]
[EventDate "2019.06.29"]
[EventType "swiss"]
[EventRounds "9"]
[EventCountry "CZE"]

1. d4 c5 2. dxc5 Qa5+ 3. Nc3 Qxc5 4. Bf4 d6 5. e3 a6 6. Nf3 Nf6 7. h3 g6 8. Bd3 Bg7 9. O-O O-O 10. a4 Bd7 11. Nd2 Nc6 12. Nb3 Qb6 13. e4 Qc7 14. Be3 Ne5 15. f4 Nxd3 16. cxd3 e6 17. Rc1 Qd8 18. a5 Rc8 19. Rf2 Bc6 20. Rfc2 Qd7 21. Nd4 Rfe8 22. Nxc6 Rxc6 23. Na4 Re7 24. Nb6 Qc7 25. Rxc6 bxc6 26. Qa4 c5 27. e5 Nd5 28. Nxd5 exd5 29. exd6 Qxd6 30. Bxc5 Qc7 31. Qb4 Re6 32. Rf1 Bxb2 33. Bb6 Qc3 34. Qxc3 Bxc3 35. f5 gxf5 36. Rxf5 Re5 37. Rf4 d4 38. Rg4+ Kf8 39. Bxd4 1/2-1/2